|
|
|
|
| LEADER |
03270nam a2200745 i 4500 |
| 001 |
nkc20223474051 |
| 003 |
CZ PrNK |
| 005 |
20221222135556.0 |
| 007 |
ta |
| 008 |
221128s2022 xr ac f c 001 0 cze |
| 015 |
|
|
|a cnb003474051
|
| 020 |
|
|
|a 978-80-86397-42-9
|q (vázáno)
|
| 035 |
|
|
|a (OCoLC)1357139479
|
| 040 |
|
|
|a BOA001
|b cze
|e rda
|
| 041 |
1 |
|
|a cze
|a eng
|h cze
|
| 043 |
|
|
|a e-xr---
|b e-xr-li
|2 czenas
|
| 045 |
|
|
|a v5x4
|
| 072 |
|
7 |
|a 666
|x Sklářství. Keramika. Cement
|2 Konspekt
|9 19
|
| 080 |
|
|
|a 666.1/.2:334.716
|2 MRF
|
| 080 |
|
|
|a 666.1/.2
|2 MRF
|
| 080 |
|
|
|a 334.72(091)
|2 MRF
|
| 080 |
|
|
|a (437.316)
|2 MRF
|
| 080 |
|
|
|a (048.8)
|2 MRF
|
| 080 |
|
|
|a (084.11)
|2 MRF
|
| 080 |
|
|
|a (083.82)
|2 MRF
|
| 100 |
1 |
|
|a Nový, Petr,
|d 1973-
|7 mzk2002160822
|4 aut
|4 trl
|
| 245 |
1 |
0 |
|a Riedel :
|b sklo, trendy, inovace : užitkové, dekorativní, luxusní a osvětlovací sklo firmy Jos. Riedel a jejích předchůdců (1752-1945) = Riedel : glass, trends, innovations : the glassware, decorative, luxury, and lighting glass by Jos. Riedel Company and the predecessors (1752-1945) /
|c Petr Nový, Helena Braunová ; překlad - texty: Meriva Translations s.r.o.
|
| 246 |
3 |
1 |
|a Riedel
|
| 250 |
|
|
|a První vydání
|
| 264 |
|
1 |
|a Jablonec nad Nisou :
|b Muzeum skla a bižuterie v Jablonci nad Nisou,
|c 2022
|
| 300 |
|
|
|a 540 stran :
|b ilustrace (převážně barevné), portréty ;
|c 30 cm
|
| 336 |
|
|
|a text
|b txt
|2 rdacontent
|
| 336 |
|
|
|a statický obraz
|b sti
|2 rdacontent
|
| 337 |
|
|
|a bez média
|b n
|2 rdamedia
|
| 338 |
|
|
|a svazek
|b nc
|2 rdacarrier
|
| 504 |
|
|
|a Obsahuje bibliografii, bibliografické odkazy a rejstříky
|
| 546 |
|
|
|a Český a souběžný anglický text
|
| 610 |
2 |
7 |
|a Josef Riedel (firma)
|7 xx0021637
|2 czenas
|
| 648 |
|
4 |
|a 1752-1945
|
| 648 |
|
7 |
|a 18.-20. století
|7 ch757019
|2 czenas
|
| 650 |
0 |
7 |
|a sklárny
|7 ph125592
|z Česko
|y 18.-20. století
|2 czenas
|
| 650 |
0 |
7 |
|a sklářství
|7 ph125595
|z Česko
|y 18.-20. století
|2 czenas
|
| 650 |
0 |
7 |
|a sklářský průmysl
|7 ph125594
|z Česko
|y 18.-20. století
|2 czenas
|
| 650 |
0 |
7 |
|a sklo a skleněné výrobky
|7 ph125588
|z Česko
|y 18.-20. století
|2 czenas
|
| 650 |
0 |
7 |
|a dějiny podniků
|7 ph506474
|z Česko
|y 18.-20. století
|2 czenas
|
| 650 |
0 |
9 |
|a glassworks
|z Czechia
|y 18th-20th centuries
|2 eczenas
|
| 650 |
0 |
9 |
|a glass manufacture
|z Czechia
|y 18th-20th centuries
|2 eczenas
|
| 650 |
0 |
9 |
|a glass industry
|z Czechia
|y 18th-20th centuries
|2 eczenas
|
| 650 |
0 |
9 |
|a glass and glassware
|z Czechia
|y 18th-20th centuries
|2 eczenas
|
| 650 |
0 |
9 |
|a history of business enterprises
|z Czechia
|y 18th-20th centuries
|2 eczenas
|
| 651 |
|
7 |
|a Polubný (Kořenov, Česko)
|7 ge199135
|2 czenas
|
| 651 |
|
9 |
|a Polubný (Kořenov, Czechia)
|2 eczenas
|
| 655 |
|
7 |
|a monografie
|7 fd132842
|2 czenas
|
| 655 |
|
7 |
|a obrazové publikace
|7 fd132947
|2 czenas
|
| 655 |
|
7 |
|a katalogy
|7 fd132535
|2 czenas
|
| 655 |
|
9 |
|a monographs
|2 eczenas
|
| 655 |
|
9 |
|a pictorial works
|2 eczenas
|
| 655 |
|
9 |
|a pictorial works
|2 eczenas
|
| 700 |
1 |
|
|a Braunová, Helena,
|d 1962-
|7 xx0017263
|4 aut
|
| 710 |
2 |
|
|a Meriva Translations (firma)
|7 mzk20221164913
|4 trl
|
| 910 |
2 |
|
|a BOA001
|b 4-1499.326
|
| 990 |
|
|
|a BK
|
| 995 |
|
|
|a 01
|
| 991 |
|
|
|b 202212
|c NOV
|
| 996 |
6 |
|
|b 2610922348
|c 4-1499.326
|l MZK
|r Sklad / do 1 hodiny
|n 0
|p p.v.
|w 001906939
|u 000010
|a 1
|e BOA001
|j MZK50
|s P
|